Príprava investičných projektov
Spracovanie projektových štúdií. Štúdia príležitosti (opportunity study). Predbežná štúdia realizovateľnosti. Postup jej spracovania. Východiskový stav a odvôvodnenie realizácie projektu. Popis projektu a jeho aktivít. Analýza cieľových skupín a harmonogram. Podrobný finančný plán. Analýza rizík...
Salvato in:
| Autore principale: | |
|---|---|
| Natura: | Capitolo di libro |
| Lingua: | slovacco |
| Soggetti: | |
| Tags: |
Nessun Tag, puoi essere il primo ad aggiungerne!!
|
MARC
| LEADER | 00000naa$a2200000$$$4500 | ||
|---|---|---|---|
| 001 | 0116414 | ||
| 005 | 20231127105143.5 | ||
| 041 | 0 | |a slo | |
| 044 | |a SK | ||
| 245 | 1 | 0 | |a Príprava investičných projektov |c Jiří Ježek |
| 520 | |a Spracovanie projektových štúdií. Štúdia príležitosti (opportunity study). Predbežná štúdia realizovateľnosti. Postup jej spracovania. Východiskový stav a odvôvodnenie realizácie projektu. Popis projektu a jeho aktivít. Analýza cieľových skupín a harmonogram. Podrobný finančný plán. Analýza rizík a ich predchádzanie. | ||
| 610 | 2 | 0 | |a projekty investičné |
| 610 | 2 | 0 | |a obce |
| 610 | 2 | 0 | |a riadenie projektové |
| 610 | 2 | 0 | |a investície |
| 610 | 2 | 0 | |a plán finančný |
| 100 | 1 | |a Ježek, Jiří | |